Digital Signals Processing (Record no. 5096)

MARC details
000 -LEADER
fixed length control field 00550nam a2200169Ia 4500
003 - CONTROL NUMBER IDENTIFIER
control field SGT
020 ## - INTERNATIONAL STANDARD BOOK NUMBER
International Standard Book Number 9788120305328
082 ## - DEWEY DECIMAL CLASSIFICATION NUMBER
Classification number 621.3822
Item number OPP
100 ## - MAIN ENTRY--PERSONAL NAME
Personal name Oppenheim, Alan V
245 ## - TITLE STATEMENT
Title Digital Signals Processing
260 ## - PUBLICATION, DISTRIBUTION, ETC. (IMPRINT)
Name of publisher, distributor, etc PHI Learning Private Limited
Place of publication, distribution, etc New Delhi
Year of Publication 1975
300 ## - PAGE DESCRIPTION
No. of Pages 585p.
650 ## - SUBJECT ADDED ENTRY--TOPICAL TERM
Topical term or geographic name as entry element ELECTRICAL ENGINEERING
653 ## - KEYWORDS--INDEX TERM
Keyword term ELECTRICAL, ELECTRONICS,Z-TRANSFORM,DIGITAL FILTER DESIGN TECHNIQUES,FLOW GRAPH AND MATRIX REPRESENTATION OF DIGITAL FILTER,DISCRETE RANDOM SIGNALS
700 ## - ADDED ENTRY--PERSONAL NAME
Personal name Schafer,Ronald W
942 ## - ADDED ENTRY ELEMENTS (KOHA)
Source of classification or shelving scheme Dewey Decimal Classification
Koha item type Books
Holdings
Withdrawn status Lost status Source of classification or shelving scheme Damaged status Not for loan Home library Current library Date acquired SGTU Total Checkouts Full call number Accession No. (Barcode) Date last seen Bill Date Koha item type Date last borrowed
    Dewey Decimal Classification     SGT Engineering Library SGT Engineering Library 14/02/2010 SGTU   621.3822 OPP FE2531 09/02/2015 09/02/2015 Books  
    Dewey Decimal Classification     SGT Engineering Library SGT Engineering Library 14/02/2010 SGTU 1 621.3822 OPP FE2532 21/05/2018 09/02/2015 Books 12/05/2018
    Dewey Decimal Classification     SGT Engineering Library SGT Engineering Library 14/02/2010 SGTU   621.3822 OPP FE2533 09/02/2015 09/02/2015 Books  
    Dewey Decimal Classification     SGT Engineering Library SGT Engineering Library 06/09/2012 SGTU   621.3822 OPP FE5578 09/02/2015 09/02/2015 Books  
    Dewey Decimal Classification     SGT Engineering Library SGT Engineering Library 06/09/2012 SGTU   621.3822 OPP FE5579 09/02/2015 09/02/2015 Books